000 00348nam a2200145Ia 4500
008 230917s9999||||xx |||||||||||||| ||und||
040 _e55267
_aMAIN
041 _aEnglish
082 _a861.081 J564S
100 _aJimenez, Juan Ramon
245 0 _aSelected poems
260 _aMiddlesex
_bPenguin Books
_c1974
300 _a135 p.
942 _cBK
999 _c185210
_d185210